[Event "Campo Grande FESMAX 33th"]
[Site "Campo Grande"]
[Date "2018.12.23"]
[Round "7"]
[White "Dantas, Leandro Henrique Va"]
[Black "Felicio, Leonardo Demetrio"]
[Result "0-1"]
[WhiteElo "1881"]
[BlackElo "1892"]
[PlyCount "116"]
[EventDate "2018.12.14"]
[EventType "tourn"]
[EventRounds "7"]
[EventCountry "BRA"]
[SourceTitle "EXT 2022"]
[Source "ChessBase"]
[SourceDate "2021.10.06"]
[SourceVersion "1"]
[SourceVersionDate "2021.10.06"]
[SourceQuality "1"]

1. e4 c5 2. Nf3 d6 3. d4 cxd4 4. Nxd4 Nf6 5. Nc3 a6 6. Be2 e5 7. Nb3 Be7 8. 0-0 0-0 9. Be3 Be6 10. f3 Qc7 11. Qe1 Nbd7 12. Rd1 b5 13. Rd2 Nb6 14. Qf2 Rab8 15. Bxb6 Rxb6 16. Nd5 Nxd5 17. exd5 Bd7 18. f4 Bf6 19. c3 Rbb8 20. fxe5 Bxe5 21. Nd4 g6 22. a3 a5 23. h3 b4 24. cxb4 axb4 25. Rc2 Qb6 26. Nc6 bxa3 27. Qxb6 Rxb6 28. bxa3 Ra8 29. Nxe5 dxe5 30. Rc7 Rd6 31. Rb1 Ra5 32. Bf3 Kf8 33. Rbb7 Ke7 34. Rb3 f5 35. Kf2 e4 36. Be2 Rdxd5 37. g3 Kd6 38. Rc4 Ke5 39. h4 Rd2 40. Rc7 Be6 41. Re3 Rd6 42. Rg7 Kf6 43. Rxh7 Rd2 44. Rh8 Ra2 45. Rf8+ Ke5 46. Re8 Kf6 47. Rf8+ Ke7 48. Rh8 R2xa3 49. Rh7+ Kf6 50. Rh8 Rxe3 51. Kxe3 Ke5 52. Re8 Ra3+ 53. Kf2 Kd6 54. Rb8 Ra2 55. Rb6+ Ke5 56. Rb5+ Kd4 57. Rb4+ Kc3 58. Rb6 Bc4 0-1

[Event "Campo Grande FESMAX 33th"]
[Site "Campo Grande"]
[Date "2018.12.15"]
[Round "3"]
[White "Dantas, Leandro Henrique Va"]
[Black "Sirahata Hasegava, Flavia"]
[Result "0-1"]
[WhiteElo "1881"]
[BlackElo "1516"]
[PlyCount "78"]
[EventDate "2018.12.14"]
[EventType "tourn"]
[EventRounds "7"]
[EventCountry "BRA"]
[SourceTitle "EXT 2022"]
[Source "ChessBase"]
[SourceDate "2021.10.06"]
[SourceVersion "1"]
[SourceVersionDate "2021.10.06"]
[SourceQuality "1"]

1. e4 c5 2. Nf3 d6 3. Bc4 Nf6 4. Nc3 e6 5. 0-0 Be7 6. d4 cxd4 7. Nxd4 0-0 8. f4 Nc6 9. Nf3 e5 10. fxe5 dxe5 11. Qxd8 Rxd8 12. Bb5 Bc5+ 13. Kh1 Bd4 14. Bg5 Bxc3 15. Bxf6 gxf6 16. bxc3 Ne7 17. Bd3 Be6 18. Nh4 Kg7 19. Nf5+ Nxf5 20. exf5 Bd5 21. c4 Bc6 22. Rfe1 Rd4 23. Rad1 e4 24. Be2 Rad8 25. Kg1 Ba4 26. Rxd4 Rxd4 27. Rd1 Rxd1+ 28. Bxd1 Kh6 29. Kf2 Kg5 30. g4 Kf4 31. a3 e3+ 32. Ke1 Ke4 33. Ke2 h6 34. c5 Kf4 35. Kd3 Bc6 36. c3 Bf3 37. Bb3 Bxg4 38. Bxf7 Kf3 39. Bd5+ Kf2 0-1

[Event "Campo Grande IRT STD Challenger MS 2015"]
[Site "Campo Grande"]
[Date "2015.04.28"]
[Round "3.3"]
[White "Dantas, Leandro Henrique Va"]
[Black "Souza dos Santos, Matheus Garcett"]
[Result "0-1"]
[WhiteElo "1913"]
[BlackElo "2058"]
[PlyCount "102"]
[EventDate "2015.04.27"]
[EventType "tourn"]
[EventRounds "7"]
[EventCountry "BRA"]
[SourceTitle "EXT 2022"]
[Source "ChessBase"]
[SourceDate "2021.10.06"]
[SourceVersion "1"]
[SourceVersionDate "2021.10.06"]
[SourceQuality "1"]

1. e4 c5 2. Nf3 d6 3. Nc3 a6 4. d3 Nc6 5. Be2 Nf6 6. Bg5 e6 7. d4 cxd4 8. Nxd4 Be7 9. f3 0-0 10. 0-0 Qb6 11. Be3 Qc7 12. f4 Rd8 13. Nf3 b5 14. Bd3 Bb7 15. a3 Ng4 16. Qe2 Nxe3 17. Qxe3 Bf6 18. Rae1 Na5 19. e5 Be7 20. b4 Nc4 21. Bxc4 Qxc4 22. Qd4 Qxd4+ 23. Nxd4 dxe5 24. Nde2 exf4 25. Nxf4 Rac8 26. Nfe2 Bf6 27. Rd1 h6 28. Rxd8+ Rxd8 29. Nd1 Rd2 30. Re1 Rxc2 31. Ne3 Ra2 32. Ng4 Bd4+ 33. Kf1 h5 34. Nxd4 Bxg2+ 35. Kg1 hxg4 36. Re2 Rxe2 37. Nxe2 Bd5 38. Nf4 Be4 39. Kf2 g5 40. Nh5 f5 41. Nf6+ Kf7 42. Nd7 Bb7 43. Ke3 Ke7 44. Nc5 Bc8 45. Kd4 Kd6 46. Nd3 Bb7 47. Nc5 e5+ 48. Ke3 Bc8 49. Nd3 Kd5 50. Nc5 f4+ 51. Ke2 e4 0-1

[Event "Campo Grande op"]
[Site "Campo Grande"]
[Date "2013.10.11"]
[Round "1"]
[White "Dantas, Leandro Henrique Va"]
[Black "Lopes, Marcelo Ferreira"]
[Result "0-1"]
[WhiteElo "1817"]
[BlackElo "2015"]
[PlyCount "106"]
[EventDate "2013.10.11"]
[EventType "swiss"]
[EventRounds "5"]
[EventCountry "BRA"]
[SourceTitle "EXT 2014"]
[Source "ChessBase"]
[SourceDate "2013.11.20"]
[SourceVersion "1"]
[SourceVersionDate "2013.11.20"]
[SourceQuality "1"]

1. e4 c5 2. Nf3 e6 3. d4 cxd4 4. Nxd4 Nf6 5. Nc3 Bb4 6. Qd3 Bxc3+ 7. bxc3 Qa5 8. Bf4 Nxe4 9. Nb5 0-0 10. Qxe4 a6 11. Bc7 b6 12. Bd3 f5 13. Qf3 axb5 14. Be5 Nc6 15. Qg3 Nxe5 16. Qxe5 b4 17. Qe3 bxc3 18. 0-0 Bb7 19. a4 Qd5 20. Qg3 Rf6 21. f3 Qd4+ 22. Qf2 Rxa4 23. Rxa4 Qxa4 24. Qxb6 Bc6 25. Qb8+ Kf7 26. Qb3 Qd4+ 27. Kh1 Rh6 28. Qc4 Qe5 29. f4 Qf6 30. Qc5 Qh4 31. Qg1 Rg6 32. Rf2 Rg3 33. Be2 Rh3 34. Bf3 Bxf3 35. gxf3 Qxf4 36. Qg2 Rh6 37. Qf1 Qd4 38. Qe2 e5 39. Rf1 Rd6 40. Re1 Rd5 41. Rg1 Qf4 42. Qg2 g6 43. Rf1 Rd2 44. Rf2 Rd1+ 45. Rf1 Qc1 46. Kg1 Rxf1+ 47. Qxf1 Qxf1+ 48. Kxf1 Kf6 49. Ke2 d5 50. Kd3 d4 51. f4 Ke6 52. h4 Kd5 53. fxe5 Kxe5 0-1